| 000 | 01145cam a22003254a 4500 | ||
|---|---|---|---|
| 001 | 15586296 | ||
| 003 | NUST | ||
| 005 | 20220512115303.0 | ||
| 008 | 090114s2008 uk ab b 001 0 eng | ||
| 010 | _a 2009367040 | ||
| 020 | _a9781904445470 | ||
| 038 | _awaseem | ||
| 040 |
_aDLC _cDLC _dDLC |
||
| 050 | 0 | 0 |
_aG109 _b.I55 2008 |
| 082 |
_a526.8 _bILI |
||
| 100 | 1 |
_aIliffe, Jonathan. _991529 |
|
| 245 | 1 | 0 |
_aDatums and map projections for remote sensing, GIS, and surveying / _cJonathan C. Iliffe, Roger Lott. |
| 250 | _a2nd ed. | ||
| 260 |
_aScotland, UK : _bWhittles Pub. ; _aBoca Raton, FL : _bCRC Press, _cc2008. |
||
| 300 |
_aix, 208 p. : _bill. (some col.), maps (chiefly col.) ; _c24 cm. |
||
| 504 | _aIncludes bibliographical references (p. 200-202). | ||
| 563 | _aHBK. | ||
| 650 | 0 |
_aGeographical positions. _991530 |
|
| 650 | 0 |
_aMap projection. _991531 |
|
| 700 | 1 |
_aLott, Roger. _991532 |
|
| 856 | 4 | 1 |
_3Table of contents only _uhttp://www.loc.gov/catdir/toc/fy0903/2009367040.html |
| 906 |
_a7 _bcbc _corigcop _d3 _encip _f20 _gy-gencatlg |
||
| 942 |
_2ddc _cBK |
||
| 999 |
_c589655 _d589655 |
||